00682nam a2200217 a 450000100060000000300080000600500170001400800410003102000150007203500190008704000270010604100080013308200220014110000200016324500490018326001390023230000290037150000220040050400260042265000160044866076BD-RjUL20211209081510.0170314s1987 enka b 001 0 eng  a071371428X a(BD-RjUL)66206 aDLCcDLCdBD-RjULbeng aeng00a598223bWOH 19871 aWoolham, Frank.14aThe handbook of aviculture /cFrank Woolham. aPoole, Dorset ;aNew York :bBlandford Press ;aNew York, N.Y. :bDistributed in the United States by Sterling Publishing Co.,cc1987. a368 p. :bill. ;c26 cm. aIncludes indexes. aBibliography: p. 362. 0aAviculture.